000 00962nam a22003017a 4500
003 CHAP
005 20220817042541.0
008 971013s1977 r 00010 d
010 _a47854
011 _a48826
035 _a52973
040 _cCHAP
082 _a338.9
_bT6
100 0 0 _aTodaro, Michael P.
_9113509
245 _aEconomics fot a developing world; an introduction to principles, problems and polices for development
260 _aHong Kong :
_bLogman,
_c1977
300 _a444 p.
_b: gráfs.
590 _aBATCH-UPD
_b10
_c20130110
_lUCH01
_h1027
590 _aBATCH-UPD
_b10
_c20130410
_lUCH01
_h0631
590 _aBATCH-UPD
_b10
_c20130914
_lUCH01
_h1150
590 _aCONVERSION
_b10
_c20130109
_lUCH01
_h1326
650 1 4 _aAgricultura
_xAspectos económicos.
650 1 4 _aDesarrollo económico.
650 1 4 _aEconomía.
_935226
901 _aBK
942 _cLIBRO
949 _a338.9 T6
_bBC
_cLIBRO
_d33724000108924
_eLIBRO
_h41514
_i52973
_mD
_si
999 _c47854
_d47854